000 01019nam2a2200253 4500
001 RU\NLR\bibl\1352173
005 20250615174131.0
010 _a978-5-91250-779-3
_93000
021 _aRU
_b2009-8296
_9479
035 _a(NLR Aleph) 001337244
090 _a838022
_c838022
100 _a20090406d2008 |||y0rusy50 ca
101 1 _arus
_ceng
102 _aRU
105 _ay |||||||||
200 0 _aВстреча 1
_f[пер. И. Заславской]
210 _d2008
_aБ. м.
215 _a287 с.
461 0 _1001RU\NLR\bibl\1440488
_12001#$aБальзам для души$vВстреча 1
_91410629
_aКэнфилд, Д. (1944-)
_cМосква
_d2008
_fДжек Кэнфилд и Марк Виктор Хансен
_nСофия
_oмаленькие истории, открывающие сердце : [перевод с английского]
_tБальзам для души
_vВстреча 1
801 0 _aRU
_bNLR
_c20090406
_gRCR
801 1 _aRU
_bNLR
_c20090406
942 _cBOOK
980 _aNB